5HLuxD.jpg

KING HENRY VIII SENIOR AND PRIMARY SCHOOL LIBRARY OPAC

Cambridge IGCSE® and O level economics ; workbook / (Record no. 2519)

000 -LEADER
fixed length control field 01274cam a2200349 i 4500
001 - CONTROL NUMBER
control field 20549389
003 - CONTROL NUMBER IDENTIFIER
control field OSt
005 - DATE AND TIME OF LATEST TRANSACTION
control field 20231212105420.0
008 - FIXED-LENGTH DATA ELEMENTS--GENERAL INFORMATION
fixed length control field 180620s2018 enka 000 0 eng d
010 ## - LIBRARY OF CONGRESS CONTROL NUMBER
LC control number 2018300416
020 ## - INTERNATIONAL STANDARD BOOK NUMBER
International Standard Book Number 9781108440400
035 ## - SYSTEM CONTROL NUMBER
System control number (OCoLC)on1000121194
040 ## - CATALOGING SOURCE
Original cataloging agency YDX
Language of cataloging eng
Transcribing agency YDX
Modifying agency BTCTA
Description conventions rda
Modifying agency HUA
-- OCLCO
-- DLC
-- KH8
042 ## - AUTHENTICATION CODE
Authentication code lccopycat
082 04 - DEWEY DECIMAL CLASSIFICATION NUMBER
Classification number 330.76 GRA
100 1# - MAIN ENTRY--PERSONAL NAME
Personal name Grant, Susan,
Dates associated with a name 1953-
Relator term author.
245 10 - TITLE STATEMENT
Title Cambridge IGCSE® and O level economics ; workbook /
Statement of responsibility, etc. Susan Grant.
246 30 - VARYING FORM OF TITLE
Title proper/short title Economics
250 ## - EDITION STATEMENT
Edition statement Second edition.
264 #1 - PRODUCTION, PUBLICATION, DISTRIBUTION, MANUFACTURE, AND COPYRIGHT NOTICE
Place of production, publication, distribution, manufacture Cambridge, United Kingdom :
Name of producer, publisher, distributor, manufacturer Cambridge University Press,
Date of production, publication, distribution, manufacture, or copyright notice 2018.
300 ## - PHYSICAL DESCRIPTION
Extent 113 pages :
Other physical details illustrations ;
Dimensions 27 cm
336 ## - CONTENT TYPE
Content type term text
Content type code txt
Source rdacontent
337 ## - MEDIA TYPE
Media type term unmediated
Media type code n
Source rdamedia
338 ## - CARRIER TYPE
Carrier type term volume
Carrier type code nc
Source rdacarrier
500 ## - GENERAL NOTE
General note "Cambridge Assessment International Education"--Cover.
500 ## - GENERAL NOTE
General note "Completely Cambridge, Cambridge resources for Cambridge qualifications"--Cover.
650 #0 - SUBJECT ADDED ENTRY--TOPICAL TERM
Topical term or geographic name entry element Economics
General subdivision Examinations
Form subdivision Study guides.
650 #0 - SUBJECT ADDED ENTRY--TOPICAL TERM
Topical term or geographic name entry element Economics
Form subdivision Examinations, questions, etc.
650 #0 - SUBJECT ADDED ENTRY--TOPICAL TERM
Topical term or geographic name entry element International General Certificate of Secondary Education
Form subdivision Study guides.
710 2# - ADDED ENTRY--CORPORATE NAME
Corporate name or jurisdiction name as entry element Cambridge Assessment International Education.
942 ## - ADDED ENTRY ELEMENTS (KOHA)
Source of classification or shelving scheme
Koha item type Teaching Resources
Holdings
Withdrawn status Lost status Source of classification or shelving scheme Damaged status Not for loan Collection code Permanent Location Current Location Shelving location Date acquired Total Checkouts Full call number Barcode Date due Date last seen Date last checked out Price effective from Koha item type
          Teaching Resources KH8 Senior School Library KH8 Senior School Library Staff Office 2023-07-04 2 330.76 GRA TRKHSL000549 2026-07-19 2025-08-19 2025-08-19 2023-07-04 Teaching Resources

Powered By KH8 IT Dept